"An einem neuen Anfang der Ostforschung"

Titel: "An einem neuen Anfang der Ostforschung" : Bruch und Kontinuität in der ostdeutschen Landeshistorie nach dem Zweiten Weltkrieg
Verfasser:
In: Westfälische Forschungen, Band 46 (1996), Seite 232-258
alle Artikel anzeigen
Veröffentlicht: 1996
Format: Aufsatz
Sprache: Deutsch
Kein Bild verfügbar
X
alg: 39174372
001A    $01999:11-11-16 
001B    $06050:02-02-26 $t12:42:15.000 
001C    $06050:19-11-16 $t08:28:37.000 
001D    $01999:11-11-16 
001U    $0utf8 
001X    $00 
002@    $0Aox 
003@    $0391743724 
007A    $0391743724 $aHEB 
007T    $0Herd08424 
010@    $ager 
011@    $a1996 
021A    $a"An einem neuen Anfang der Ostforschung" $dBruch und Kontinuität in der ostdeutschen Landeshistorie nach dem Zweiten Weltkrieg 
028A    $#Hackmann, Joerg $7136174248 $8Hackmann, Jörg$Z1962- [Tp1] $9203461010 
031A    $d46 $h232-258 $j1996 
039B    $aIn $8--Abvc--. Westfälische Forschungen. - Münster : Aschendorffsche Verlagsbuchhandlung GmbH $ Co., 1938-. - ISSN 0083-9027 $x199600000460000768 $9046836233 
045F    $a907.2094371 $eDDC23BSB 
045F/01 $a907.2 
045F/03 $g4371 
045F/03 $g4382 
045F/03 $g43816 
045F/03 $g43832 
045T    $a7,20 $a8,1 $a1 
045T    $aGER $qDE-30 $2FID 
045T    $aTHEO $qDE-21 $2FID 

lok: 39174372 78

exp: 39174372 78 1 #EPN
201B/01 $026-11-18 $t22:50:13.000 
201U/01 $0utf8 
203@/01 $0787838535 
208@/01 $a11-11-16 $be 
209A/01 $a/ $f000 $x00 
220C/01 $aTitelaufnehmer: nk 
244Z/01 $2Trx $#Prusy Wschodnie i Zachodnie $8--Trx--Ost- und Westpreußen $x01 $939113373X 
244Z/01 $2Trx $#Pomeranija $#Pommern $#Pomoransko $#Pomořansko $#Hinterpommern;Vorpommern;Mittelpommern $#Pomorze Środkowe;Pomorze Przednie $#Pomořansko;Západní Pomořany; Pomořany $8--Trx--Pomorze Zachodnie $x02 $9391303775 
244Z/01 $2Trx $#Silesia $#Śląsk $#Sliezsko $#Slezsko $8--Trx--Schlesien $x03 $9391173987 
244Z/01 $#Tschechien $#Tschechische Republik $#Tschechien $#Tschechische Republik $#Tschechenland $#Tschechei Tschechien $#Česká Republika $#Czech Republic $#ČR $74303381-7 $8--Tg1--Tschechien $x04 $9086659812 
244Z/01 $2Trx $#Böhmen $#Bohemia $#Czechy $8--Trx--Čechy $x05 $9391188941 
244Z/01 $aGeschichte 1945-1969 $x06 
244Z/01 $#Aubin, H. $#Aubin, Hermann Carl Wilhelm $7118504991 $8--Tp1--Aubin, Hermann$Z1885-1969 $x07 $9086846140 
244Z/01 $2Trx $#historiograafia, Saksa $#Vokietijos istoriografija $#Historiography, German $#történetírás, német $#historiografia niemiecka $#historiografia nemecká $#historiografie německá $8--Trx--Historiographie, deutsche $x08 $9391374664 
244Z/01 $2Trx $#komisjonid, ajaloolised $#istorikų komisijos $#Commissions, historical $#komissziók, történelmi $#komisje historyczne $#komisie historické $#komise historické $8--Trx--Kommissionen, historische $x09 $9391355600 
244Z/01 $2Trx $#"Ostforschung", saksa $#rytų tyrimai Vokietija $#German "Ostforschung" $#kelet-kutatás, német $#"Ostforschung", niemiecka $#Ostforschung, nemecká $#Ostforschung, Německo $8--Trx--Ostforschung, deutsche $x10 $9391370642 
244Z/01 $2Trx $8--Trx--Zeitschriftenaufsatz $x11 $9391384341 
245Z/01 $a01.04 $x01 
247C/01 $82080>Marburg/Lahn, Herder-Institut, Forschungsbibliothek, Bibliographieportal $9336309341
LEADER 00000caa a22000002c 4500
001 391743724
003 DE-603
005 20260202124215.0
007 tu
008 161111s1996 xx |||| | u00||u|ger c
035 |a (DE-599)HEB391743724 
040 |a DE-603  |b ger  |c DE-603  |d DE-603 
041 |a ger 
082 0 4 |8 1\u  |a 907.2094371  |q DE-101  |2 23/BSB 
084 |a 7,20  |a 8,1  |a 1  |2 ssgn 
084 |a GER  |q DE-30  |2 fid 
084 |a THEO  |q DE-21  |2 fid 
085 |8 1\u  |b 907.2 
085 |8 1\u  |z 2  |s 4371 
085 |8 1\u  |z 2  |s 4382 
085 |8 1\u  |z 2  |s 43816 
085 |8 1\u  |z 2  |s 43832 
100 1 |a Hackmann, Jörg  |d 1962-  |0 (DE-603)203461010  |0 (DE-588)136174248  |2 gnd 
245 0 0 |a "An einem neuen Anfang der Ostforschung"  |b Bruch und Kontinuität in der ostdeutschen Landeshistorie nach dem Zweiten Weltkrieg 
264 0 |c 1996 
773 0 8 |i In  |t Westfälische Forschungen  |d Münster : Aschendorffsche Verlagsbuchhandlung GmbH $ Co., 1938-  |x 0083-9027  |g Band 46 (1996), Seite 232-258  |w (DE-603)046836233  |w (DE-600)2077-1 
924 0 |9 2080  |a (DE-603)787838535  |b DE-2080  |c HES  |d d  |g /